RICS Construction productivity report 2023 (Record no. 121895)

MARC details
000 -LEADER
fixed length control field 00977nam a22002297a 4500
008 - FIXED-LENGTH DATA ELEMENTS--GENERAL INFORMATION
fixed length control field 240408s2023 xxk|||||o|||| 00| 0 eng d
041 ## - LANGUAGE CODE
Language code of text/sound track or separate title eng
110 ## - MAIN ENTRY--CORPORATE NAME
Corporate author Royal Institution of Chartered Surveyors
245 ## - TITLE STATEMENT
Title RICS Construction productivity report 2023
Medium [Electronic resource]
260 ## - PUBLICATION INFORMATION
Place of publication London,
Publisher Royal Institution of Chartered Surveyors,
Date 4 July 2023
520 ## - ABSTRACT
Abstract RICS’ Construction productivity report, in which the RICS presents sentiment-based answers to broad questions about productivity improvement and development in the construction industry.
650 ## - KEYWORDS
Keywords PRODUCTIVITY
650 ## - KEYWORDS
Keywords STATISTICS
651 ## - SUBJECT ADDED ENTRY--GEOGRAPHIC NAME
Geographic name United Kingdom
690 ## - BROAD SUBJECT
Broad subject Construction management
9 (RLIN) 6230
700 ## - ADDED PERSONAL NAME
Added personal author Sawhney, Anil
700 ## - ADDED PERSONAL NAME
Added personal author Rubinsohn, Simon
700 ## - ADDED PERSONAL NAME
Added personal author Luo, Donglai
710 ## - ADDED CORPORATE NAME
Added corporate author Royal Institution of Chartered Surveyors
856 ## - ONLINE RESOURCE
Uniform Resource Identifier <a href="https://www.rics.org/news-insights/rics-construction-productivity-report-2023">https://www.rics.org/news-insights/rics-construction-productivity-report-2023</a>
Public note Available free on RICS.org
942 ## - ADDED ENTRY ELEMENTS (KOHA)
Suppress in OPAC Do not suppress in OPAC
Holdings
Lost status Damaged status Not for loan Current library Shelving location Date acquired Total Checkouts Date last seen Price effective from Koha item type
      Virtual Online 08/04/2024   08/04/2024 08/04/2024 Online material